| 000 | 00659cab a2200229 4500 | ||
|---|---|---|---|
| 001 | WB3301-58 | ||
| 008 | 090401t1996 xxu||||| |||| 00| 0 eng d | ||
| 035 | _a(Sirsi) u13179 | ||
| 041 | _aeng | ||
| 245 | _aTourism held back | ||
| 260 | _c1996 | ||
| 350 | _a0 | ||
| 490 |
_aFinancial Times _v18 December 1996, 8(1) |
||
| 520 | _aA CBI survey claims that Britain`s tourism industry is being held back by the planning system and lack of government investment. | ||
| 650 | _aFUNDING | ||
| 650 | _aLEISURE INDUSTRY | ||
| 650 | _aPLANNING SYSTEM | ||
| 650 | _aTOURISM INDUSTRY | ||
| 690 | _aLEISURE AND RECREATION | ||
| 942 | _n0 | ||
| 948 | _c04/03/1997 | ||
| 999 |
_c8480 _d8480 |
||